=LDR 00000nam 2200000 4500 =001 NUTBA000000000004422 =990 ##$$a 21409276 =005 20140912105715.0 =990 ##$$a 21409272 =006 =990 ##$$a 21409273 =007 =990 ##$$a 21409274 =008 =990 ##$$a 21409275 =035 ##$$a 0010-091400000000455 =040 ##$$a NBPDMAT =082 ##$$a 372.72 =084 ##$$a 372.72 Sri j =100 ##$$a Sri Hartatik =245 ##$$a Juar 1 pintar Menghitung / $c Sri Hartatik S.Pd =250 ##$$a Cet. 1 =260 ##$$a Surabaya : $b Aksara Press, $c 2010 =300 ##$$a 32 hlm. : $b ilus. ; $c 29 cm. =650 ##$$a berhitung =990 ##$$a 21409272 =990 ##$$a 0001/BPAP-NTB/20142014 =990 ##$$a 0001/BPAP-NTB/20142014 =990 ##$$a 0001/BPAP-NTB/20142014 =990 ##$$a 0001/BPAP-NTB/20142014 =990 ##$$a 0001/BPAP-NTB/20142014